000 01031nam a2200253Ia 4500
003 OSt
005 20220930095004.0
006 a|||||r|||| 00| 0
007 ta
008 220926b |||||||| |||| 00| 0 hin d
024 _a62947
037 _cTheses
040 _aCRL
_cCRL
_bhin
041 _2hin
_ahin
100 _aअमित, ले.
_9159534
110 _aदिल्ली विश्वविद्यालय. कला संकाय. हिन्दी विभाग
245 0 _aमोहन राकेश और सुरेन्द्र वर्मा के नाटकों का तुलनात्मक अध्ययन
246 _aMohan rākesh aur surendra varmā ke nāṭakoan kā tulanātmak adhyayana
260 _c2017
300 _a436पृ0
_ap.
_ccm.
700 _aदिल्ली विश्वविद्यालय. कला संकाय. हिन्दी विभाग
942 _cDIS
_2CC
999 _c888118
_d888118